00317nam a2200133Ia 4500008004100000082001700041100001800058245001700076250000800093260004500101300000800146650001000154700001900164191201s2011 xx 000 0 und d a346.065bKUB aKUCHHAL, M.C. 0aBusiness Law a7th aNew delhibVikas Publication Housec2021 a449 aB Com aKUCHHAL, Vivek